书目信息 |
| 题名: |
聚烯烃手册
|
|
| 作者: | CorneliaVasile , 瓦赛尔 编著 ;李杨 译 | |
| 分册: | ||
| 出版信息: | 北京 中国石化出版社 2005 |
|
| 页数: | 994页 | |
| 开本: | 24cm | |
| 丛书名: | ||
| 单 册: | ||
| 中图分类: | TQ325.1-62 | |
| 科图分类: | ||
| 主题词: | 聚烯烃--手册 | |
| 电子资源: | ||
| ISBN: | 7-80164-550-2 | |
| 000 | 01352nam0 2200337 450 | |
| 000 | 01315nam0 2200325 450 | |
| 000 | 01209nam0 2200301 450 | |
| 000 | 01155nam0 2200277 450 | |
| 000 | 01140nam0 2200265 450 | |
| 000 | 01103nam0 2200253 45 | |
| 001 | TSC-032850 | |
| 005 | 20061206090754.54 | |
| 010 | @a7-80164-550-2@b精装@dCNY158.00 | |
| 100 | @a20060829d2005 ekmy0chiy0121 ea | |
| 101 | 0 | @achi |
| 102 | @aCN@b110000 | |
| 105 | @ay z 000yy | |
| 200 | 1 | @a聚烯烃手册@Aju xi ting shou ce@f(罗马尼亚)瓦赛尔(Cornelia Vasile)主编@F(luo ma ni ya)wa sai er(Cornelia Vasile)zhu bian@g李杨等译 |
| 205 | @a2版 | |
| 210 | @a北京@c中国石化出版社@d2005 | |
| 215 | @a994页@d24cm | |
| 330 | @a本书在第一版的基础上进行了修订和补充,由国际知名的专家撰写,涉及聚烯烃合成及材料新技术、结构、形态学、结晶、玻璃化转化、力学、电学、光学等性质,其溶液的表征和热力学,降解与分解,生物相容性,聚烯烃添加剂和聚烯烃纤维,增容与表面改性,产品检测等。全书图表和文献丰富。 | |
| 606 | 0 | @a聚烯烃@x手册 |
| 690 | @aTQ325.1-62@v4 | |
| 701 | 0 | @aCorneliaVasile@4编著 |
| 701 | 0 | @a瓦赛尔@Awa sai er@bCorneliaVasile@4主编 |
| 702 | 0 | @a李杨@ALi Yang@4译 |
| 801 | 0 | @aCN@b中图数据@c20061206 |
| 905 | @a10447@dTQ325.1-62@e20=2 | |
| 聚烯烃手册/(罗马尼亚)瓦赛尔(Cornelia Vasile)主编/李杨等译.-2版.-北京:中国石化出版社,2005 |
| 994页;24cm |
| ISBN 7-80164-550-2(精装):CNY158.00 |
| 本书在第一版的基础上进行了修订和补充,由国际知名的专家撰写,涉及聚烯烃合成及材料新技术、结构、形态学、结晶、玻璃化转化、力学、电学、光学等性质,其溶液的表征和热力学,降解与分解,生物相容性,聚烯烃添加剂和聚烯烃纤维,增容与表面改性,产品检测等。全书图表和文献丰富。 |
| ● |
| 相关链接 |
|
|
|
|
正题名:聚烯烃手册
索取号:TQ325.1-62/20=2
 
预约/预借
| 序号 | 登录号 | 条形码 | 馆藏地/架位号 | 状态 | 备注 |
| 1 | 0612309 | 206123096 | 第二样本阅览室/ [索取号:TQ325.1-62/20=2] | 在馆 | |
| 2 | 0612310 | 206123103 | 第三借阅区/ [索取号:TQ325.1-62/20=2] | 在馆 |